LA ENSEÑANZA UNIVERSITARIA: REFORMA DE SUS METODOS /

TRADUCCION DE: EFFECTIVE COLLEGE TEACHING, THE QUEST FOR RELEVANCE

Kaydedildi:
Detaylı Bibliyografya
Diğer Yazarlar: Morris, William H. (compilación) (compilación)
Materyal Türü: Kitap
Konular:
Etiketler: Etiketle
Etiket eklenmemiş, İlk siz ekleyin!

MARC

LEADER 00000nam^a2200000^a^4500
001 000231953
005 20250521000000.0
009 20260310104541.235
035 |a 053533 
037 |a Acervo Xavier Clavigero 
082 |a 378. 17  |b ENS 
245 1 3 |a LA ENSEÑANZA UNIVERSITARIA:  |b REFORMA DE SUS METODOS /  |c COMP. WILLIAM H. MORRIS; TR. RAFAEL CASTILLO D 
264 |a México :  |b Pax,  |c 1971 
300 |a 209p. 
336 |a texto  |b txt  |2 rdacontenido 
337 |a sin mediación  |b n  |2 rdamedio 
338 |a volumen  |b nc  |2 rdasoporte 
520 |a TRADUCCION DE: EFFECTIVE COLLEGE TEACHING, THE QUEST FOR RELEVANCE 
649 |a XX 
650 |a Educación Superior 
650 |a Educación Superior 
700 |a Morris, William H.  |e (compilación) 
910 |a Fondo General 
920 |a Impresos - Libros 
930 |a Colección General 
905 |a 101 
901 |a 053533  |b IT1  |c ACC  |i 053533  |u 20250521 
902 |a https://opac.biblio.iteso.mx/vufind/Record/000231953